Szczegóły MARC21

Financial markets in Poland 1997-1998 = Instytucje finansowe w Polsce 1997-1998 /

003 -Nazwa inst., której nr kontr. jest w polu 001 [,]
    • @
    • Nazwa instytucji, której n kontrolny jest w polu 001
    • NUKAT
005 -DATA I CZAS OSTATNIEJ MODYFIKACJI [,]
    • @
    • pole kontrolne
    • 20241231112421.0
020 -Międzynarod. znormalizowany nr książki - ISBN [ , ]
    • a
    • Numer ISBN
    • 8387885002 Find
    • q
    • Dopowiedzenie
    • CeDeWu
020 -Międzynarod. znormalizowany nr książki - ISBN [ , ]
    • a
    • Numer ISBN
    • 8387062367 Find
    • q
    • Dopowiedzenie
    • BRE Bank SA
040 -Instytucja sporządzająca opis [ , ]
    • a
    • Instytucja, która sporządziła opis (NP)
    • WA U/88GRY
    • c
    • Instytucja, która sporządziła rekord (NP)
    • WA U/GRY
    • d
    • Instytucja, która zmodyfikowała rekord (P)
    • WA U/88DWA
    • d
    • Instytucja, która zmodyfikowała rekord (P)
    • WA U/88OBs
041 -Język dokumentu [0, ]
    • a
    • Język tekstu (P)
    • angielski
    • a
    • Język tekstu (P)
    • polski
942 -Rodzaj dokumentu [ , ]
    • c
    • Rodzaj dokumentu
    • Książka
245 -Strefa tytułu i oznaczenia odpowiedzialności [0,0]
    • a
    • Tytuł
    • Financial markets in Poland 1997-1998 = Find
    • b
    • Ciąg dalszy tytułu (NP)
    • Instytucje finansowe w Polsce 1997-1998 / Find
    • c
    • Pozostałe elementy strefy tytułu i oznaczenia odpowiedzialności (NP)
    • [ed. by] Andrzej Bury, Andrzej Gładysz, Janusz Żebrowski ; with the co-operation of Dorota Kowalczyk [et al.].
246 -Wariant tytułu [3,1]
    • a
    • Tytuł (NP)
    • Instytucje finansowe w Polsce 1997-1998
260 -Strefa adresu wydawniczego [ , ]
    • a
    • Miejsce wydania (P)
    • Warszawa :
    • b
    • Nazwa wydawcy (P)
    • CeDeWu :
    • b
    • Nazwa wydawcy (P)
    • with the co-operation of BRE Bank SA,
    • c
    • Data wydania (P)
    • [1998].
300 -Strefa opisu fizycznego [ , ]
    • a
    • Określenie formy książki i/lub objętość (NP)
    • 240, 146 s. :
    • b
    • Oznaczenie ilustracji (NP)
    • portr. ;
    • c
    • Format (NP)
    • 31 cm.
336 -Typ zawartości [ , ]
    • a
    • Termin opisujący typ zawartości
    • Tekst
    • b
    • Kod określający zawartość
    • txt
    • 2
    • Źródło (terminu i kodu)
    • rdacontent
337 -Typ mediów [ , ]
    • a
    • Tryb odtwarzania
    • Bez urządzenia pośredniczącego
    • b
    • Kod typu mediów
    • n
    • 2
    • Źródło (terminu i kodu)
    • rdamedia
338 -Typ/rodzaj nośnika [ , ]
    • a
    • Hasło opisujące typ nośnika
    • Wolumin
    • b
    • Kod typu nośnika
    • nc
    • 2
    • Źródło (terminu i kodu)
    • rdacarrier
500 -Uwaga ogólna [ , ]
    • a
    • Uwaga ogólna (NP)
    • U dołu okł.: with association Ministry of Finance.
546 -Uwaga dot. języka [ , ]
    • a
    • Uwaga dot. języka
    • Tekst równol. ang., pol.
080 -Uniwersalna Klasyfikacja Dziesiętna [ , ]
    • a
    • Symbol klasyfikacji
    • 336.71(438)"1997/1998"(058)
080 -Uniwersalna Klasyfikacja Dziesiętna [ , ]
    • a
    • Symbol klasyfikacji
    • +658.14/.17(438)"1997/1998"(058)
080 -Uniwersalna Klasyfikacja Dziesiętna [ , ]
    • a
    • Symbol klasyfikacji
    • +368(438)"1997/1998"(058)
650 -Hasło przedmiotowe [ ,7]
    • a
    • Hasło przedmiotowe
    • Instytucje finansowe
    • z
    • Określnik geograficzny
    • Polska
    • y
    • Określnik chronologiczny
    • 1990-
    • v
    • Określnik formalny
    • poradniki.
    • 2
    • Źródło terminu
    • kaba
    • 9
    • KHW
    • 548278
650 -Hasło przedmiotowe [ ,7]
    • a
    • Hasło przedmiotowe
    • Rynek kapitałowy
    • z
    • Określnik geograficzny
    • Polska
    • y
    • Określnik chronologiczny
    • 1990-
    • v
    • Określnik formalny
    • poradniki.
    • 2
    • Źródło terminu
    • kaba
    • 9
    • KHW
    • 548279
650 -Hasło przedmiotowe [ ,7]
    • a
    • Hasło przedmiotowe
    • Banki
    • z
    • Określnik geograficzny
    • Polska
    • y
    • Określnik chronologiczny
    • 1990-
    • v
    • Określnik formalny
    • poradniki.
    • 2
    • Źródło terminu
    • kaba
    • 9
    • KHW
    • 548277
650 -Hasło przedmiotowe [ ,7]
    • a
    • Hasło przedmiotowe
    • Instytucje finansowe
    • z
    • Określnik geograficzny
    • Polska
    • v
    • Określnik formalny
    • spisy.
    • 2
    • Źródło terminu
    • kaba
    • 9
    • KHW
    • 548276
980 -Symbol UKD [ , ]
    • a
    • UKD
    • 336.71+658.14/.17+368](438)"1997/1998"(058)
700 -Hasło dodatkowe - nazwa osobowa [1, ]
    • a
    • Nazwa osobowa (NP)
    • Gładysz, Andrzej. Find
    • e
    • Określenie rodzaju współpracy
    • Red.
    • 9
    • KHW
    • 548114
700 -Hasło dodatkowe - nazwa osobowa [1, ]
    • a
    • Nazwa osobowa (NP)
    • Bury, Andrzej. Find
    • e
    • Określenie rodzaju współpracy
    • Red.
    • 9
    • KHW
    • 474937
700 -Hasło dodatkowe - nazwa osobowa [1, ]
    • a
    • Nazwa osobowa (NP)
    • Żebrowski, Janusz. Find
    • e
    • Określenie rodzaju współpracy
    • Red.
    • 9
    • KHW
    • 430209
700 -Hasło dodatkowe - nazwa osobowa [1, ]
    • a
    • Nazwa osobowa (NP)
    • Kowalczyk, Dorota Find
    • c
    • Dopowiedzenie inne niż daty biograficzne (NP)
    • (bankowość).
    • 9
    • KHW
    • 548115
920 -ISBN [ , ]
    • a
    • ISBN
    • 83-87885-00-2 Find
    • q
    • Dopowiedzenie
    • CeDeWu
920 -ISBN [ , ]
    • a
    • ISBN
    • 83-87062-36-7 Find
    • q
    • Dopowiedzenie
    • BRE Bank SA
Lokalizacja Data inwentaryzacji Sygnatura Numer inwentarzowy Status udost.
T2002-01-09T.6150T.6150-2